Death Grips Discography - Statistics

General Stats
  • This quiz has been taken 522 times
    434 since last reset
  • The average score is 11 of 14
Answer Stats
Type Year Name % Correct
Album 2012 The Money Store
98%
Mixtape 2011 Exmilitary
96%
Album 2012 NØ LØV∑ D∑∑P W∏B
91%
Album 2016 Bottomless Pit
90%
Album 2018 Year of the Snitch
89%
Album 2013 Government Plates
88%
Album 2015 The Powers That B
88%
Double Package 2016 Fashion Week/Interview 2016
82%
Instrumental Album 2015 Fashion Week
77%
EP 2011 Death Grips
69%
EP 2017 Steroids (Crouching Tiger Hidden Gabber Megamix)
68%
EP 2019 Gmail and the Restraining Orders
54%
EP 2016 Interview 2016
53%
Live EP 2016 Live from Death Valley
32%
No matching quizzes found
Score Distribution
Percent of People with Each Score
Percentile by Number Answered
Your Score History
You have not taken this quiz since the last reset